[Event "Open Mediterranean 2017"]
[Site "Rijeka CRO"]
[Date "2009.11.30"]
[Round "4.28"]
[White "Muslija, Idris"]
[Black "Berke, Ana"]
[Result "1-0"]
[WhiteElo "2223"]
[BlackElo "2123"]
[PlyCount "101"]
[EventDate "2009.11.28"]
[EventType "swiss"]
[EventRounds "9"]
[EventCountry "CRO"]
[Source "lmi"]
[SourceDate "2009.11.28"]

1. c4 e5 2. Nc3 Nf6 3. g3 Bb4 4. Bg2 O-O 5. Qb3 Bxc3 6. Qxc3 Re8 7. Nf3 Nc6 8.
d3 d5 9. cxd5 Nxd5 10. Qc5 h6 11. O-O Be6 12. a3 Qd7 13. b4 b6 14. Qc2 Bg4 15.
Bb2 Rad8 16. Rac1 Bxf3 17. Bxf3 Nd4 18. Bxd4 exd4 19. Qc4 Qf5 20. Rc2 Qe5 21.
Kg2 Nc3 22. Bc6 b5 23. Qb3 Re6 24. Bf3 c6 25. e3 Nd5 26. Bxd5 Qxd5+ 27. Qxd5
Rxd5 28. e4 Rd7 29. Rc5 a5 30. a4 Ra7 31. axb5 cxb5 32. Rxb5 axb4 33. Rxb4 Rd6
34. Rfb1 Ra3 35. R1b3 Ra2 36. Rb2 Ra3 37. R4b3 Ra1 38. e5 Rd8 39. f4 g5 40. Kf3
Re1 41. Re2 Rxe2 42. Kxe2 g4 43. Rb6 Kg7 44. Rd6 Ra8 45. Rxd4 Ra2+ 46. Ke3 Rxh2
47. f5 h5 48. Rd7 h4 49. gxh4 g3 50. e6 Rxh4 51. Kf3 1-0

[Event "Open Mediterranean 2017"]
[Site "Rijeka CRO"]
[Date "2009.11.30"]
[Round "4.29"]
[White "Camber, Ivan"]
[Black "Drljevic, Ljilja"]
[Result "0-1"]
[WhiteElo "1915"]
[BlackElo "2218"]
[PlyCount "100"]
[EventDate "2009.11.28"]
[EventType "swiss"]
[EventRounds "9"]
[EventCountry "CRO"]
[Source "lmi"]
[SourceDate "2009.11.28"]

1. e4 d6 2. d4 g6 3. Nf3 Nf6 4. Nc3 Bg7 5. Bc4 O-O 6. O-O Nxe4 7. Nxe4 d5 8.
Bd3 dxe4 9. Bxe4 Nd7 10. c3 c5 11. Be3 cxd4 12. Bxd4 e5 13. Be3 Nf6 14. Qxd8
Rxd8 15. Bg5 Re8 16. Bc2 h6 17. Bh4 Nh5 18. Rfe1 g5 19. Bg3 Nxg3 20. hxg3 Bg4
21. Be4 Re7 22. Nh2 Be6 23. g4 Rd8 24. b3 Rc7 25. Rec1 Bf8 26. Rc2 Rcd7 27. Kf1
a5 28. Ke2 Kg7 29. f3 h5 30. g3 Bc5 31. f4 exf4 32. gxf4 Re7 33. Kf1 hxg4 34.
f5 Bc4+ 35. bxc4 Rxe4 36. Rg2 Kf6 37. Nxg4+ Kxf5 38. Nh6+ Kf6 39. Ng4+ Kg6 40.
Re1 Rf4+ 41. Ke2 f5 42. Ne5+ Kf6 43. Nf3 Re4+ 44. Kf1 Rxe1+ 45. Nxe1 g4 46. a4
b6 47. Re2 f4 48. Rh2 f3 49. Rh5 f2 50. Nf3 Rd1+ 0-1

[Event "Open Mediterranean 2017"]
[Site "Rijeka CRO"]
[Date "2009.11.30"]
[Round "4.31"]
[White "Doric, Nenad"]
[Black "Muskardin, Mario"]
[Result "1/2-1/2"]
[WhiteElo "2344"]
[BlackElo "2067"]
[PlyCount "66"]
[EventDate "2009.11.28"]
[EventType "swiss"]
[EventRounds "9"]
[EventCountry "CRO"]
[Source "lmi"]
[SourceDate "2009.11.28"]

1. Nf3 Nf6 2. c4 e6 3. g3 d5 4. d4 Bb4+ 5. Bd2 a5 6. Bg2 b6 7. Qa4+ Qd7 8. Qc2
Bb7 9. O-O O-O 10. Ne5 Qd8 11. Nc3 Nbd7 12. Rfd1 Bxc3 13. Bxc3 Ne4 14. Nxd7
Qxd7 15. Be1 f5 16. Rac1 Rac8 17. cxd5 Bxd5 18. f3 Nf6 19. e4 fxe4 20. fxe4 Bb7
21. Qe2 Qf7 22. Bc3 Qg6 23. Re1 Rcd8 24. Rcd1 Rd7 25. d5 exd5 26. Bxf6 Rxf6 27.
exd5 Rdd6 28. Qe8+ Qxe8 29. Rxe8+ Rf8 30. Re7 Rf7 31. Re8+ Rf8 32. Re7 Rf7 33.
Re8+ Rf8 1/2-1/2

[Event "Open Mediterranean 2017"]
[Site "Rijeka CRO"]
[Date "2009.11.30"]
[Round "4.32"]
[White "Spika, Ivica"]
[Black "Stojanovic, Andjelija"]
[Result "1-0"]
[WhiteElo "2086"]
[BlackElo "2329"]
[PlyCount "139"]
[EventDate "2009.11.28"]
[EventType "swiss"]
[EventRounds "9"]
[EventCountry "CRO"]
[Source "lmi"]
[SourceDate "2009.11.28"]

1. d4 d5 2. c4 c6 3. e3 Nf6 4. Nc3 g6 5. Nf3 Bg7 6. cxd5 cxd5 7. Be2 O-O 8. O-O
Nc6 9. Bd2 a6 10. Rc1 Bg4 11. h3 Bxf3 12. Bxf3 e5 13. dxe5 Nxe5 14. Be2 b5 15.
b3 Qb6 16. Be1 Rfd8 17. Rc2 d4 18. exd4 Rxd4 19. Rd2 Rad8 20. Rxd4 Qxd4 21.
Qxd4 Rxd4 22. Nb1 Nd5 23. Bd2 Nd3 24. Rd1 Nc5 25. Rc1 Bf8 26. Bf3 b4 27. Rc4
Rxc4 28. bxc4 Nb6 29. Bxb4 Nxc4 30. Be2 Nb2 31. Nc3 Nbd3 32. Ba5 Bg7 33. Kf1
Nc1 34. Bc4 Nb7 35. Bb4 a5 36. Ba3 Bxc3 37. Bxc1 Kf8 38. Ke2 Ke7 39. Kd3 Bb4
40. Bd5 Nd6 41. a4 h5 42. f3 Kf6 43. g4 hxg4 44. hxg4 g5 45. Kd4 Nc8 46. Bb3
Nb6 47. Be3 Kg6 48. Ke4 Nd7 49. Kd5 f6 50. Bc2+ Kf7 51. Be4 Ne5 52. Bc5 Bc3 53.
Kd6 Bd2 54. Bd5+ Kg6 55. Ke6 Bc3 56. Bb6 Kg7 57. Bd8 Nd3 58. Bc6 Nf4+ 59. Kd6
Bb4+ 60. Kd7 Kf7 61. Be4 Ne2 62. Bd5+ Kg6 63. Be4+ Kf7 64. Bc6 Nd4 65. Bd5+ Kg6
66. Bb6 Bc3 67. Be4+ f5 68. gxf5+ Kf7 69. Bd8 Bd2 70. Be7 1-0

[Event "Open Mediterranean 2017"]
[Site "Rijeka CRO"]
[Date "2009.11.30"]
[Round "4.33"]
[White "Fucak, Emilijo"]
[Black "Stefan, Mario"]
[Result "1-0"]
[WhiteElo "2291"]
[BlackElo "1996"]
[PlyCount "73"]
[EventDate "2009.11.28"]
[EventType "swiss"]
[EventRounds "9"]
[EventCountry "CRO"]
[Source "lmi"]
[SourceDate "2009.11.28"]

1. c4 Nf6 2. Nc3 d5 3. e3 g6 4. Nf3 Bg7 5. d4 O-O 6. cxd5 Nxd5 7. Bc4 Nxc3 8.
bxc3 c5 9. O-O Qc7 10. Qe2 Bg4 11. Ba3 Nd7 12. Rab1 b6 13. Rfc1 Rac8 14. h3
Bxf3 15. Qxf3 e6 16. Ba6 Rb8 17. e4 Rfd8 18. Bb5 Bf8 19. Qe2 Qf4 20. Rd1 Nf6
21. f3 Qg3 22. Bc1 Nh5 23. Qf2 Qc7 24. Be3 Be7 25. e5 Ng7 26. g4 Rbc8 27. Ba6
Rb8 28. Qe2 Rd7 29. Kf2 h5 30. Rb2 Rf8 31. Rbd2 Rdd8 32. Bd3 Kh7 33. Bb5 f6 34.
dxc5 bxc5 35. Bf4 f5 36. Rd7 Qb8 37. gxf5 1-0

[Event "Open Mediterranean 2017"]
[Site "Rijeka CRO"]
[Date "2009.11.30"]
[Round "4.34"]
[White "Juranic, Bruno"]
[Black "Klobucar, Damir"]
[Result "1-0"]
[WhiteElo "2214"]
[BlackElo "1958"]
[PlyCount "51"]
[EventDate "2009.11.28"]
[EventType "swiss"]
[EventRounds "9"]
[EventCountry "CRO"]
[Source "lmi"]
[SourceDate "2009.11.28"]

1. e4 c6 2. d4 d5 3. e5 Bf5 4. Ne2 e6 5. Ng3 Bg6 6. h4 h6 7. h5 Bh7 8. Bd3 Bxd3
9. Qxd3 Qc7 10. O-O c5 11. c3 Nd7 12. f4 cxd4 13. cxd4 Qc4 14. Qe3 Be7 15. b3
Qc6 16. Ba3 Bxa3 17. Nxa3 Ne7 18. f5 exf5 19. Rxf5 Rc8 20. Rff1 O-O 21. Qe2 Nf5
22. Nxf5 Qe6 23. Qg4 g6 24. hxg6 Rcd8 25. Nxh6+ Kg7 26. Nf5+ 1-0

[Event "Open Mediterranean 2017"]
[Site "Rijeka CRO"]
[Date "2009.11.30"]
[Round "4.35"]
[White "Kozarcanin, Sead"]
[Black "Kanceljak, Dalia"]
[Result "1-0"]
[WhiteElo "2187"]
[BlackElo "1919"]
[PlyCount "50"]
[EventDate "2009.11.28"]
[EventType "swiss"]
[EventRounds "9"]
[EventCountry "CRO"]
[Source "lmi"]
[SourceDate "2009.11.28"]

1. e4 c5 2. Nf3 e6 3. d3 d6 4. g3 Nc6 5. Bg2 Nf6 6. Qe2 Be7 7. O-O O-O 8. c3
Rb8 9. a4 a6 10. Rd1 Qa5 11. e5 Nd7 12. exd6 Bxd6 13. Nbd2 b5 14. Ne4 Be7 15.
Bf4 e5 16. axb5 Qxb5 17. Bc1 f5 18. c4 Qb6 19. Nc3 Bd6 20. Ng5 Ne7 21. Nd5 Nxd5
22. Bxd5+ Kh8 23. Nxh7 Rf6 24. Qh5 Rh6 25. Bxh6 gxh6 1-0

[Event "Open Mediterranean 2017"]
[Site "Rijeka CRO"]
[Date "2009.11.30"]
[Round "4.36"]
[White "Peric, Davor"]
[Black "Valenti, Giuseppe"]
[Result "1/2-1/2"]
[WhiteElo "1940"]
[BlackElo "2141"]
[PlyCount "80"]
[EventDate "2009.11.28"]
[EventType "swiss"]
[EventRounds "9"]
[EventCountry "CRO"]
[Source "lmi"]
[SourceDate "2009.11.28"]

1. d4 Nf6 2. Bg5 e6 3. e4 h6 4. Bxf6 Qxf6 5. c3 d6 6. Bd3 Nd7 7. Ne2 b6 8. O-O
Bb7 9. f4 g6 10. Nd2 Bg7 11. e5 Qe7 12. Be4 d5 13. Bd3 O-O 14. Rf3 c5 15. Rh3
a5 16. g4 f5 17. gxf5 exf5 18. Nf3 Rf7 19. Qf1 c4 20. Bc2 b5 21. Qg2 Ra6 22.
Kh1 Nf8 23. Rg1 Bc8 24. Ng3 b4 25. Nf1 bxc3 26. bxc3 Bb7 27. Ne3 Rb6 28. Nh4
Qd8 29. Nhxf5 gxf5 30. Nxf5 Bc8 31. Nxh6+ Rxh6 32. Rxh6 Qe7 33. f5 Bxf5 34.
Bxf5 Rxf5 35. Qxd5+ Qf7 36. Qg2 Rf2 37. Qe4 Rf4 38. Qg2 Rf2 39. Qe4 Rf4 40. Qg2
Rf2 1/2-1/2

[Event "Open Mediterranean 2017"]
[Site "Rijeka CRO"]
[Date "2009.11.30"]
[Round "4.37"]
[White "Antunovic, Ivo"]
[Black "Juretic, Boris"]
[Result "1-0"]
[WhiteElo "2132"]
[BlackElo "1857"]
[PlyCount "77"]
[EventDate "2009.11.28"]
[EventType "swiss"]
[EventRounds "9"]
[EventCountry "CRO"]
[Source "lmi"]
[SourceDate "2009.11.28"]

1. Nf3 d5 2. g3 Nf6 3. Bg2 Nc6 4. O-O e5 5. d3 Be7 6. Na3 O-O 7. c4 d4 8. Nc2
Re8 9. Rb1 a5 10. a3 Rb8 11. b4 axb4 12. Nxb4 Bxb4 13. axb4 Bd7 14. b5 Na5 15.
Bd2 c5 16. Ra1 b6 17. Bxa5 bxa5 18. Nd2 Bf5 19. Nb3 Qc7 20. Nxa5 e4 21. Nc6 Ra8
22. Qc2 g5 23. Rxa8 Rxa8 24. dxe4 Bg6 25. f3 Ra3 26. Qb2 Rc3 27. Rc1 Re3 28.
Qa2 Kg7 29. e5 Nd7 30. f4 g4 31. Kf2 Be4 32. Bxe4 Rxe4 33. Qc2 f5 34. Ra1 Kf7
35. Ra7 Qc8 36. Qa4 Ke6 37. b6 Qe8 38. Nb8 Nf6 39. Qxe8+ 1-0

[Event "Open Mediterranean 2017"]
[Site "Rijeka CRO"]
[Date "2009.11.30"]
[Round "4.38"]
[White "Beljan, Mladen"]
[Black "Noordhoek, Henk"]
[Result "0-1"]
[WhiteElo "1908"]
[BlackElo "2087"]
[PlyCount "66"]
[EventDate "2009.11.28"]
[EventType "swiss"]
[EventRounds "9"]
[EventCountry "CRO"]
[Source "lmi"]
[SourceDate "2009.11.28"]

1. e4 Nf6 2. Nc3 d5 3. exd5 Nxd5 4. d4 Nxc3 5. bxc3 g6 6. Bf4 Bg7 7. Nf3 c5 8.
Bb5+ Bd7 9. Bxd7+ Nxd7 10. Qd3 O-O 11. O-O cxd4 12. cxd4 Rc8 13. Qb3 Qb6 14. c4
Qc6 15. Rab1 b6 16. Rfe1 e6 17. Rbc1 Rfe8 18. d5 exd5 19. Rxe8+ Rxe8 20. cxd5
Qf6 21. Bg5 Qf5 22. Qb5 h6 23. Be3 Nf6 24. Rd1 Rd8 25. Qc6 Rxd5 26. Qa8+ Kh7
27. Nd4 Qd7 28. Rc1 Ng4 29. h3 Nxe3 30. fxe3 Bxd4 31. exd4 Rxd4 32. Rf1 Rd1 33.
Qf8 Qd4+ 0-1

[Event "Open Mediterranean 2017"]
[Site "Rijeka CRO"]
[Date "2009.11.30"]
[Round "4.39"]
[White "Lovik, Lasse Ostebo"]
[Black "Radmanovic, Lazar"]
[Result "1-0"]
[WhiteElo "2379"]
[BlackElo "1890"]
[PlyCount "25"]
[EventDate "2009.11.28"]
[EventType "swiss"]
[EventRounds "9"]
[EventCountry "CRO"]
[Source "lmi"]
[SourceDate "2009.11.28"]

1. e4 e6 2. d4 d5 3. Nc3 Bb4 4. e5 c5 5. a3 Ba5 6. b4 cxb4 7. Nb5 Bc7 8. Qg4
Ne7 9. Qxg7 Rg8 10. Qxh7 a6 11. axb4 Nbc6 12. c3 Bd7 13. Nd6+ 1-0

[Event "Open Mediterranean 2017"]
[Site "Rijeka CRO"]
[Date "2009.11.30"]
[Round "4.40"]
[White "Heifez, Eugen"]
[Black "Thingstad, Anders"]
[Result "0-1"]
[WhiteElo "2245"]
[BlackElo "1914"]
[PlyCount "106"]
[EventDate "2009.11.28"]
[EventType "swiss"]
[EventRounds "9"]
[EventCountry "CRO"]
[Source "lmi"]
[SourceDate "2009.11.28"]

1. e4 c6 2. d3 d5 3. Nd2 e5 4. Ngf3 Bd6 5. Qe2 Nd7 6. g3 Ngf6 7. Bg2 O-O 8. O-O
Re8 9. c3 Nf8 10. Re1 Ng6 11. Nf1 h6 12. c4 d4 13. Bd2 b5 14. cxb5 cxb5 15. a4
b4 16. Rec1 Nd7 17. Ne1 Nc5 18. Bxb4 Nb3 19. Bxd6 Nxc1 20. Rxc1 Qxd6 21. Nd2
Be6 22. f4 Rac8 23. Rxc8 Bxc8 24. Nc4 Qb4 25. f5 Nf8 26. Nf3 f6 27. Nfd2 Ba6
28. Bf3 Qxa4 29. Bh5 Re7 30. Qg4 Qc2 31. Qf3 Nd7 32. Qd1 Qxd1+ 33. Bxd1 Nc5 34.
Bc2 Rc7 35. Kf2 Kf8 36. Kf3 Nd7 37. Ke2 Nb6 38. Bb3 Nxc4 39. Bxc4 Bxc4 40. Nxc4
Ke7 41. h4 h5 42. Kd2 Kd7 43. Kc2 Kc6 44. Kb1 g6 45. fxg6 Rg7 46. Nd2 Rxg6 47.
Nf1 Kc5 48. Kc2 Kb4 49. Kb1 a5 50. Kc2 a4 51. Kc1 Kb3 52. Nd2+ Ka2 53. Nf1 Rg8
0-1

[Event "Open Mediterranean 2017"]
[Site "Rijeka CRO"]
[Date "2009.11.30"]
[Round "4.41"]
[White "Mikalsen, Erlend"]
[Black "Soric, Romeo"]
[Result "1-0"]
[WhiteElo "1936"]
[BlackElo "2153"]
[PlyCount "55"]
[EventDate "2009.11.28"]
[EventType "swiss"]
[EventRounds "9"]
[EventCountry "CRO"]
[Source "lmi"]
[SourceDate "2009.11.28"]

1. e4 d6 2. Nf3 Nf6 3. Nc3 g6 4. d4 Bg7 5. Bc4 O-O 6. Be3 c6 7. h3 b5 8. Bd3 b4
9. Ne2 a5 10. Qd2 Nbd7 11. Bh6 c5 12. Bxg7 Kxg7 13. e5 Ne8 14. Nf4 dxe5 15.
Nh5+ gxh5 16. Qg5+ Kh8 17. Qh6 Nef6 18. Ng5 Qb6 19. dxe5 Ba6 20. exf6 Nxf6 21.
Bxh7 Qd6 22. Bd3+ Kg8 23. O-O-O Qf4+ 24. Kb1 Rad8 25. Bxa6 Qxf2 26. Rdf1 Qd4
27. Bd3 c4 28. Rxf6 1-0

[Event "Open Mediterranean 2017"]
[Site "Rijeka CRO"]
[Date "2009.11.30"]
[Round "4.42"]
[White "Bjelicic, Jan"]
[Black "Lakic, Gojko"]
[Result "1-0"]
[WhiteElo "2087"]
[BlackElo "1880"]
[PlyCount "57"]
[EventDate "2009.11.28"]
[EventType "swiss"]
[EventRounds "9"]
[EventCountry "CRO"]
[Source "lmi"]
[SourceDate "2009.11.28"]

1. e4 c5 2. Nf3 Nc6 3. d4 cxd4 4. Nxd4 e6 5. Nc3 a6 6. Be2 Nf6 7. O-O d6 8. Be3
Nxd4 9. Bxd4 e5 10. Be3 Qc7 11. Qd2 Be6 12. Rad1 Be7 13. Bg5 Rd8 14. f4 Qc5+
15. Kh1 Bc4 16. Bxc4 Qxc4 17. Bxf6 Bxf6 18. f5 h6 19. b3 Qc6 20. Nd5 Bg5 21.
Qd3 f6 22. g3 h5 23. h4 Bh6 24. Qe2 Kd7 25. Rd3 Qb5 26. a4 Qc5 27. Rc3 Qa7 28.
Rc7+ Ke8 29. Qxh5+ 1-0

[Event "Open Mediterranean 2017"]
[Site "Rijeka CRO"]
[Date "2009.11.30"]
[Round "4.43"]
[White "Grguric, Daria"]
[Black "Padjen, Zdenko"]
[Result "1/2-1/2"]
[WhiteElo "1884"]
[BlackElo "2082"]
[PlyCount "48"]
[EventDate "2009.11.28"]
[EventType "swiss"]
[EventRounds "9"]
[EventCountry "CRO"]
[Source "lmi"]
[SourceDate "2009.11.28"]

1. d4 f5 2. Nc3 Nf6 3. Bg5 Nc6 4. e3 e6 5. e4 fxe4 6. Nxe4 Be7 7. Bxf6 Bxf6 8.
Nf3 O-O 9. c3 d5 10. Ng3 e5 11. dxe5 Nxe5 12. Nxe5 Bxe5 13. Be2 Be6 14. O-O Qg5
15. Bf3 c6 16. Qe2 Rae8 17. Rae1 Bf4 18. Qd1 Bc7 19. Re2 Rf6 20. Rfe1 Kf7 21.
Qd3 Rh6 22. Qe3 Qh4 23. h3 Bb6 24. Qe5 Rf6 1/2-1/2

[Event "Open Mediterranean 2017"]
[Site "Rijeka CRO"]
[Date "2009.11.30"]
[Round "4.44"]
[White "Brenc, Tomislav"]
[Black "Hamzic, Abid"]
[Result "1-0"]
[WhiteElo "2075"]
[BlackElo "1843"]
[PlyCount "60"]
[EventDate "2009.11.28"]
[EventType "swiss"]
[EventRounds "9"]
[EventCountry "CRO"]
[Source "lmi"]
[SourceDate "2009.11.28"]

1. e4 c5 2. Nf3 Nc6 3. b3 e5 4. Bb2 d6 5. Bb5 Bd7 6. O-O a6 7. Bxc6 Bxc6 8. d3
Be7 9. a4 Nf6 10. Nbd2 b5 11. axb5 axb5 12. Qe2 b4 13. Nc4 O-O 14. Nfd2 Nd7 15.
Rxa8 Bxa8 16. Ra1 f5 17. exf5 Rxf5 18. Ne4 Rf8 19. Ncxd6 Bxd6 20. Nxd6 Qf6 21.
Ne4 Qg6 22. f3 Nb6 23. Bxe5 Nd5 24. Ra7 Re8 25. Rxg7+ Qxg7 26. Bxg7 Kxg7 27.
Qf2 Nf4 28. Qg3+ Ng6 29. Qc7+ Re7 30. Qxc5 Bxe4 1-0

[Event "Open Mediterranean 2017"]
[Site "Rijeka CRO"]
[Date "2009.11.30"]
[Round "4.45"]
[White "Pejic, Igor"]
[Black "Logar, Metod"]
[Result "1/2-1/2"]
[WhiteElo "1873"]
[BlackElo "2071"]
[PlyCount "45"]
[EventDate "2009.11.28"]
[EventType "swiss"]
[EventRounds "9"]
[EventCountry "CRO"]
[Source "lmi"]
[SourceDate "2009.11.28"]

1. Nf3 Nf6 2. d4 e6 3. c4 b6 4. Nc3 Bb7 5. e3 Be7 6. Bd3 d5 7. b3 O-O 8. O-O c5
9. Bb2 Nbd7 10. Qe2 Re8 11. Rfd1 Rc8 12. Rac1 dxc4 13. Bxc4 Qc7 14. Ba6 Qb8 15.
Bb5 Red8 16. Na4 cxd4 17. Nxd4 Qa8 18. Rxc8 Rxc8 19. Ba6 Nb8 20. Bxb7 Qxb7 21.
Nb5 Rd8 22. Rxd8+ Bxd8 23. Nac3 1/2-1/2

[Event "Open Mediterranean 2017"]
[Site "Rijeka CRO"]
[Date "2009.11.30"]
[Round "4.46"]
[White "Pijanovic, Dusan"]
[Black "Klasan, Elvis"]
[Result "0-1"]
[WhiteElo "1823"]
[BlackElo "2066"]
[PlyCount "120"]
[EventDate "2009.11.28"]
[EventType "swiss"]
[EventRounds "9"]
[EventCountry "CRO"]
[Source "lmi"]
[SourceDate "2009.11.28"]

1. d4 g6 2. e4 Bg7 3. c4 d6 4. Nc3 Nf6 5. Bd3 O-O 6. Nge2 Bg4 7. f3 Bd7 8. Be3
c6 9. Qd2 Re8 10. g4 e5 11. d5 c5 12. h4 h5 13. gxh5 Nxh5 14. O-O-O a6 15. Bh6
b5 16. Bxg7 Kxg7 17. Rdg1 bxc4 18. Bxc4 Qf6 19. Qe3 Rh8 20. Nd1 a5 21. Qd3 Nf4
22. Nxf4 Qxf4+ 23. Qe3 Rxh4 24. Rxh4 Qxh4 25. Nf2 Qh6 26. Qxh6+ Kxh6 27. Kd2
Na6 28. Nd3 Nc7 29. Ke3 Kg7 30. Rh1 a4 31. Kd2 f5 32. Nf2 Rb8 33. Kc2 Rf8 34.
Be2 Bb5 35. Bd1 Bc4 36. b3 axb3+ 37. axb3 Ba6 38. Nh3 Rh8 39. Nf2 Rxh1 40. Nxh1
Nb5 41. Nf2 Kf6 42. Kd2 Nd4 43. Nh3 Bf1 44. Ng1 Kg5 45. Ke3 Kh4 46. f4 Kg3 47.
fxe5 f4+ 48. Kd2 dxe5 49. Ne2+ Bxe2 50. Bxe2 f3 51. Bc4 Kf4 52. d6 Nc6 53. Bd5
Nd8 54. Ke1 g5 55. Kf2 g4 56. d7 g3+ 57. Kf1 Kg4 58. Kg1 Kh3 59. Kh1 g2+ 60.
Kg1 Kg3 0-1

[Event "Open Mediterranean 2017"]
[Site "Rijeka CRO"]
[Date "2009.11.30"]
[Round "4.47"]
[White "Steinhart, Christoph"]
[Black "Cabrijan, Ivan"]
[Result "1-0"]
[WhiteElo "2045"]
[BlackElo "1822"]
[PlyCount "101"]
[EventDate "2009.11.28"]
[EventType "swiss"]
[EventRounds "9"]
[EventCountry "CRO"]
[Source "lmi"]
[SourceDate "2009.11.28"]

1. e4 e5 2. Nf3 Nc6 3. d4 exd4 4. Nxd4 Nxd4 5. Qxd4 d6 6. Nc3 c6 7. Be3 Bd7 8.
O-O-O Qa5 9. Kb1 Nf6 10. f3 Qe5 11. Qd2 Qa5 12. g4 O-O-O 13. g5 Ne8 14. h4 Be6
15. Bh3 Nc7 16. f4 Bxh3 17. Rxh3 Be7 18. Nd5 Qxd2 19. Nxe7+ Kd7 20. Rxd2 Kxe7
21. Bxa7 Rd7 22. Rhd3 Rc8 23. f5 f6 24. gxf6+ gxf6 25. Rg2 Kf7 26. Rdg3 Ne8 27.
Bd4 c5 28. Bc3 b5 29. Rg8 Ke7 30. R2g7+ Nxg7 31. Rxc8 Ne8 32. b3 Rb7 33. Ra8 b4
34. Bd2 Rd7 35. Be3 h5 36. Kb2 Rc7 37. c3 bxc3+ 38. Kxc3 Rb7 39. Bd2 Kd7 40.
Kc4 Ng7 41. Kd5 Ne8 42. Kc4 Ng7 43. Rh8 Kc6 44. Rc8+ Kd7 45. Rf8 Ke7 46. Rh8
Rd7 47. Rh7 Kf7 48. Bh6 d5+ 49. exd5 Rd6 50. Rxg7+ Ke8 51. Ra7 1-0

[Event "Open Mediterranean 2017"]
[Site "Rijeka CRO"]
[Date "2009.11.30"]
[Round "4.48"]
[White "Dubrovic, Mihovil"]
[Black "Zrilic, Bozo"]
[Result "0-1"]
[WhiteElo "1811"]
[BlackElo "2021"]
[PlyCount "90"]
[EventDate "2009.11.28"]
[EventType "swiss"]
[EventRounds "9"]
[EventCountry "CRO"]
[Source "lmi"]
[SourceDate "2009.11.28"]

1. e4 c5 2. Nf3 d6 3. Bb5+ Nd7 4. Bxd7+ Bxd7 5. O-O g6 6. c3 Bg7 7. Re1 Nh6 8.
h3 O-O 9. d4 f5 10. Bxh6 Bxh6 11. exf5 Rxf5 12. dxc5 Rxc5 13. Qb3+ e6 14. Qxb7
Bc6 15. Qb3 Bd5 16. Qd1 Qf6 17. Na3 Rf8 18. Nc2 Bxf3 19. Qxf3 Rf5 20. Qd3 Rxf2
21. Rf1 e5 22. b4 Kg7 23. b5 Bg5 24. a4 Qf5 25. Nb4 Bh4 26. Nd5 Qg5 27. Rxf2
Bxf2+ 28. Kh1 Bc5 29. Kh2 h5 30. Qg3 Qd2 31. Ne7 Rf6 32. Qe1 Qg5 33. Qg3 Qd2
34. Qe1 Qf4+ 35. Qg3 Qc4 36. Qg5 Qxc3 37. Qg3 Qc4 38. Qg5 Qe6 39. Nc6 Qc4 40.
Ne7 Bf2 41. Qd2 e4 42. Qa2 Qc3 43. Qg8+ Kh6 44. Qh8+ Kg5 45. Ng8 Bg3+ 0-1

[Event "Open Mediterranean 2017"]
[Site "Rijeka CRO"]
[Date "2009.11.30"]
[Round "4.49"]
[White "Mravic, Filip"]
[Black "Nastic, Milorad"]
[Result "0-1"]
[WhiteElo "1810"]
[BlackElo "2012"]
[PlyCount "72"]
[EventDate "2009.11.28"]
[EventType "swiss"]
[EventRounds "9"]
[EventCountry "CRO"]
[Source "lmi"]
[SourceDate "2009.11.28"]

1. Nf3 d5 2. c4 Nf6 3. e3 c6 4. d4 Bg4 5. Qb3 Bxf3 6. Qxb7 Be4 7. Qxa8 Qc7 8.
Nc3 e6 9. cxd5 exd5 10. Ba6 Bb4 11. Qb7 Nxa6 12. Qxa6 Bxg2 13. Rg1 Qxh2 14.
Rxg2 Qxg2 15. Qc8+ Ke7 16. Qb7+ Ke6 17. Qxb4 h5 18. Ne2 g5 19. Qa4 Rc8 20. Ng3
h4 21. Nf1 Ne4 22. Qc2 h3 23. b4 h2 24. Nxh2 Qxh2 25. Bb2 Qg1+ 26. Ke2 Qxf2+
27. Kd3 Qf5 28. Rg1 f6 29. Bc1 g4 30. Qg2 g3 31. Kc2 Rh8 32. Kb3 Rh2 33. Qf1
Qxf1 34. Rxf1 g2 35. Rg1 Rh1 36. Rxg2 Rxc1 0-1

[Event "Open Mediterranean 2017"]
[Site "Rijeka CRO"]
[Date "2009.11.30"]
[Round "4.50"]
[White "Haug, Marianne Wold"]
[Black "Jerkovic, Maroje"]
[Result "1-0"]
[WhiteElo "2005"]
[BlackElo "1726"]
[PlyCount "52"]
[EventDate "2009.11.28"]
[EventType "swiss"]
[EventRounds "9"]
[EventCountry "CRO"]
[Source "lmi"]
[SourceDate "2009.11.28"]

1. e4 c6 2. d4 d5 3. Nc3 dxe4 4. Nxe4 Nd7 5. Ng5 Ngf6 6. Bd3 e6 7. N1f3 Be7 8.
Qe2 h6 9. Ne4 Nxe4 10. Qxe4 Nf6 11. Qe2 c5 12. dxc5 Bxc5 13. O-O O-O 14. Bf4
Bd6 15. Ne5 Qc7 16. Rad1 b6 17. Bg3 Bb7 18. Ng4 Bxg3 19. Nxf6+ Kh8 20. fxg3
gxf6 21. Rxf6 Qc5+ 22. Kh1 Qg5 23. Rdf1 Kg7 24. Qf2 Qh5 25. g4 Qxg4 26. Rxf7+
Kg8 1-0

[Event "Open Mediterranean 2017"]
[Site "Rijeka CRO"]
[Date "2009.12.01"]
[Round "5.1"]
[White "Bosiocic, Marin"]
[Black "Kovacevic, Aleksandar"]
[Result "0-1"]
[WhiteElo "2575"]
[BlackElo "2558"]
[PlyCount "120"]
[EventDate "2009.11.28"]
[EventType "swiss"]
[EventRounds "9"]
[EventCountry "CRO"]
[Source "lmi"]
[SourceDate "2009.11.28"]

1. d4 Nf6 2. c4 e6 3. Nf3 b6 4. g3 Bb7 5. Bg2 Be7 6. Nc3 Ne4 7. Bd2 d5 8. cxd5
exd5 9. Qa4+ Qd7 10. Qxd7+ Nxd7 11. Rc1 Nxd2 12. Nxd2 c6 13. O-O O-O 14. Rfe1
Rfd8 15. a3 Nf8 16. e3 Ne6 17. Red1 g6 18. Nf3 Bd6 19. Ne1 a5 20. Nd3 Ba6 21.
Bf1 Bc4 22. Ne1 Bb3 23. Rd2 a4 24. Nc2 b5 25. h4 Ra7 26. Bh3 Nc7 27. e4 dxe4
28. Nxe4 Be7 29. Ne3 Ne6 30. Bxe6 Bxe6 31. Rxc6 Rad7 32. Nc3 b4 33. axb4 Rxd4
34. Rxd4 Rxd4 35. Nxa4 Rxb4 36. Ra6 Kg7 37. Nc2 Rc4 38. Nc3 Bf6 39. Ra3 h5 40.
Ne1 Rd4 41. Ra4 Rd2 42. Rb4 Be7 43. Rb5 Bc4 44. Re5 Bf6 45. Re4 Bb3 46. Nf3
Rxb2 47. Re3 Bc4 48. Ne4 Bd8 49. Nd6 Be6 50. Nd4 Bd5 51. Kf1 Rd2 52. N6b5 Bb6
53. Ke1 Rb2 54. Re2 Rb4 55. Re5 Bc4 56. f4 Rb2 57. f5 Kf6 58. fxg6 Kxe5 59. g7
f5 60. Nc6+ Kf6 0-1

[Event "Open Mediterranean 2017"]
[Site "Rijeka CRO"]
[Date "2009.12.01"]
[Round "5.2"]
[White "Ruck, Robert"]
[Black "Kozul, Zdenko"]
[Result "1/2-1/2"]
[WhiteElo "2556"]
[BlackElo "2604"]
[PlyCount "82"]
[EventDate "2009.11.28"]
[EventType "swiss"]
[EventRounds "9"]
[EventCountry "CRO"]
[Source "lmi"]
[SourceDate "2009.11.28"]

1. Nf3 Nf6 2. c4 g6 3. d4 Bg7 4. g3 c6 5. Nc3 d5 6. cxd5 cxd5 7. Bg2 O-O 8. O-O
Nc6 9. Ne5 e6 10. Nxc6 bxc6 11. Bf4 Nd7 12. Qd2 Re8 13. Rac1 a5 14. Na4 Ba6 15.
b3 Bb5 16. Nc3 Qb6 17. Nxb5 Qxb5 18. Rc2 a4 19. Rb1 Qb6 20. e3 Bf8 21. Qc1 c5
22. dxc5 Nxc5 23. bxa4 Qa7 24. Bg5 Rec8 25. Bf6 Qxa4 26. Qd1 Nd7 27. Rxc8 Qxd1+
28. Rxd1 Rxc8 29. Bd4 Ra8 30. Rd2 Be7 31. Bf1 Bf6 32. Bb5 Bxd4 33. Bxd7 Bc3 34.
Rd3 Ra3 35. Bc6 Kf8 36. g4 g5 37. Kg2 Ke7 38. h4 h6 39. hxg5 hxg5 40. Kh3 f6
41. Bb5 Kd6 1/2-1/2

[Event "Open Mediterranean 2017"]
[Site "Rijeka CRO"]
[Date "2009.12.01"]
[Round "5.3"]
[White "Cvitan, Ognjen"]
[Black "Lenic, Luka"]
[Result "1/2-1/2"]
[WhiteElo "2533"]
[BlackElo "2598"]
[PlyCount "35"]
[EventDate "2009.11.28"]
[EventType "swiss"]
[EventRounds "9"]
[EventCountry "CRO"]
[Source "lmi"]
[SourceDate "2009.11.28"]

1. c4 Nf6 2. Nc3 e6 3. e4 d5 4. e5 d4 5. exf6 dxc3 6. bxc3 Qxf6 7. d4 c5 8. Nf3
cxd4 9. Bg5 Qf5 10. cxd4 Bb4+ 11. Bd2 Qa5 12. Rb1 Bxd2+ 13. Qxd2 Qxd2+ 14. Kxd2
b6 15. Be2 Ba6 16. Rhc1 Nd7 17. Rb3 Ke7 18. a4 1/2-1/2